000 00885nas a2200277 4500
001 BR9704725
003 BR-BrBNA
005 20231205100543.0
007 ta
008 230509b bl.|||p| |||| 00| 00por d
040 _aBR-BrBNA
_bpor
_cBiblioteca Nacional de Agricultura
041 _a(Pt)
072 _aL73; L70
100 1 _aRodrigues, L.E.A.
100 1 _aLyra, E. de P.
100 1 _aMelo, M.C.A.
245 1 _aAtividade da adenosina-deaminase nos diversos liquidos biologicos como metodo auxiliar de diagnostico pratico, rapido e barato da tuberculose bovina
650 _aBovino
650 _aTuberculose
650 _aInfeccao
650 _aZoonose
650 _aAnalise de Laboratorio
773 0 _tHora Veterinaria (Brazil)
_xISSN 0101-9163
_g(May-Jun 1997), v. 17(97) p. 58-61
_wBR9704725
909 _a202311
_bLúcia
_c55
_dLúcia Elande
942 _2AGRIS
_n0
_cANA
999 _c156655
_d156655